Statistics for Most Expensive Footballers in World Under 21 Years

Click here to take the quiz!

General Stats

  • This quiz has been taken 85 times
    (43 since last reset)
  • The average score is 17 of 32

Answer Stats

#CMVAgeClubNationalityAnswer% Correct
1€100.00m19Bayern MunichGermanyJamal Musiala
100%
1€100.00m19Borussia DortmundEnglandJude Bellingham
100%
4€90.00m18BarcelonaSpainGavi
94%
1€100.00m20BarcelonaSpainPedri
94%
6€60.00m20Red Bull LeipzigCroatiaJosko Gvardiol
92%
5€70.00m19Bayer LeverkusenGermanyFlorian Wirtz
86%
6€60.00m20Paris Saint-GermainPortugalNuno Mendes
81%
8€50.00m20Real MadridFranceEduardo Camavinga
78%
10€35.00m19LiverpoolEnglandHarvey Elliott
75%
10€35.00m20Borussia DortmundUnited StatesGiovanni Reyna
72%
13€30.00m18Borussia DortmundGermanyYoussoufa Moukoko
72%
8€50.00m20BarcelonaSpainAnsu Fati
69%
15€25.00m20Manchester UnitedSwedenAnthony Elanga
61%
13€30.00m20Bayern MunichNetherlandsRyan Gravenberch
61%
24€20.00m16PalmeirasBrazilEndrick
50%
24€20.00m20LiverpoolPortugalFábio Carvalho
50%
24€20.00m17Bayern MunichFranceMathys Tel
50%
15€25.00m20Athletic BilbaoSpainNico Williams
47%
10€35.00m20Borussia DortmundGermanyKarim Adeyemi
44%
9€38.00m20VillarrealSpainYéremy Pino
39%
15€25.00m20Paris Saint-GermainFranceHugo Ekitiké
36%
21€22.00m20Crystal PalaceFranceMichael Olise
36%
21€22.00m20Bayer LeverkusenEcuadorPiero Hincapié
36%
15€25.00m18SouthamptonBelgiumRoméo Lavia
36%
24€20.00m19ValenciaUnited StatesYunus Musah
36%
24€20.00m19Red Bull SalzburgSloveniaBenjamin Sesko
33%
21€22.00m19UdineseItalyDestiny Udogie
31%
24€20.00m18AtalantaItalyGiorgio Scalvini
31%
15€25.00m20SouthamptonEnglandTino Livramento
17%
24€20.00m20Red Bull SalzburgCroatiaLuka Sucic
11%
15€25.00m20Stade RennaisFranceArnaud Kalimuendo
8%
24€20.00m19Olympique LyonFranceCastello Lukeba
8%

Score Distribution

Percentile by Number Answered

Percent of People with Each Score

Your Score History

You have not taken this quiz since the last reset